000 00302nam a22001097a 4500
008 230704b xxu||||| |||| 00| 0 eng d
082 _a354.67
_bKMS 1988
245 _a10 Great Years of Progress Kenya 1978 -1988
_bNyayo Decade
260 _bKenya Media Services
_c1988
300 _a316p
942 _2ddc
_cBK
999 _c3958
_d3958